[Event "Chambly op U1800"]
[Site "Chambly CAN"]
[Date "2022.04.03"]
[Round "5.30"]
[White "Godbout, Julien"]
[Black "Crete, Mathys"]
[Result "0-1"]
[WhiteElo "1273"]
[BlackElo "1318"]
[PlyCount "26"]
[EventDate "2022.04.01"]
[EventType "swiss"]
[EventRounds "5"]
[EventCountry "CAN"]

1. e4 c6 2. Nf3 d5 3. exd5 cxd5 4. d4 Nc6 5. c4 Nf6 6. Nc3 Bg4 7. Be2 e6 8. Ne5
Bxe2 9. Qxe2 Nxd4 10. Qd3 dxc4 11. Nxc4 Be7 12. O-O O-O 13. Be3 Nf3+ 0-1

[Event "Choc des Generations"]
[Site "Montreal CAN"]
[Date "2022.04.08"]
[Round "1"]
[White "Masse, Hugues"]
[Black "Ouellet, Maili-Jade"]
[Result "0-1"]
[WhiteElo "2182"]
[BlackElo "2179"]
[PlyCount "84"]
[EventDate "2022.04.08"]
[EventType "schev"]
[EventRounds "5"]
[EventCountry "CAN"]

1. e4 c5 2. c3 d5 3. exd5 Nf6 4. Qa4+ Nbd7 5. Qb3 Nb6 6. Bb5+ Bd7 7. c4 e6 8.
dxe6 Qe7 9. Bxd7+ Nfxd7 10. Qe3 fxe6 11. d3 Qf6 12. Nf3 Bd6 13. O-O O-O 14. Nc3
Qf5 15. Ne4 Bc7 16. Qg5 h6 17. Qh4 Nf6 18. Be3 Nbd7 19. Rad1 b6 20. Ng3 Qg6 21.
Qh3 Rae8 22. b3 Ng4 23. Nh4 Qf7 24. Qxg4 g5 25. Ne4 Ne5 26. Qe2 gxh4 27. Bxh6
Qg6 28. Bxf8 Rxf8 29. Kh1 Nc6 30. h3 Rf4 31. Qe3 Nd4 32. Nc3 Nf5 33. Qe2 Nd4
34. Qd2 Rf7 35. Ne2 Nf5 36. Rde1 Kh7 37. Ng1 Rg7 38. f4 Ng3+ 39. Kh2 Nxf1+ 40.
Rxf1 e5 41. Nf3 e4 42. dxe4 Bxf4+ 0-1

[Event "Choc des Generations"]
[Site "Montreal CAN"]
[Date "2022.04.08"]
[Round "1"]
[White "Rodrigue-Lemieux, Shawn"]
[Black "Lopez Linares, Lizandro"]
[Result "1-0"]
[WhiteElo "2342"]
[BlackElo "2076"]
[PlyCount "33"]
[EventDate "2022.04.08"]
[EventType "schev"]
[EventRounds "5"]
[EventCountry "CAN"]

1. c4 c5 2. g3 Nf6 3. Bg2 g6 4. Nc3 Bg7 5. Nf3 O-O 6. d4 cxd4 7. Nxd4 d6 8. O-O
Nbd7 9. b3 a6 10. Bb2 Qc7 11. Rc1 e6 12. Qd2 Rd8 13. Rfd1 h5 14. Nf3 Nc5 15.
Ng5 a5 16. Nb5 Qb8 17. Qf4 1-0

[Event "Choc des Generations"]
[Site "Montreal CAN"]
[Date "2022.04.08"]
[Round "1"]
[White "Sambuev, Bator"]
[Black "Tanaka, Tyler"]
[Result "1-0"]
[WhiteElo "2502"]
[BlackElo "2113"]
[PlyCount "45"]
[EventDate "2022.04.08"]
[EventType "schev"]
[EventRounds "5"]
[EventCountry "CAN"]

1. Nf3 d5 2. d4 Nf6 3. e3 g6 4. c4 Bg7 5. Nc3 O-O 6. Be2 c5 7. O-O cxd4 8. exd4
dxc4 9. Bxc4 Nc6 10. Re1 b6 11. a3 e6 12. Bg5 Ne7 13. Ne5 Bb7 14. Qe2 Nf5 15.
Rad1 h6 16. d5 exd5 17. Bxf6 Qxf6 18. Nd7 Qg5 19. Bxd5 Bxd5 20. Rxd5 Bxc3 21.
bxc3 Rad8 22. g3 Nxg3 23. hxg3 1-0

[Event "Choc des Generations"]
[Site "Montreal CAN"]
[Date "2022.04.08"]
[Round "1"]
[White "Tremblay, Rejean"]
[Black "Huang, Qiuyu"]
[Result "0-1"]
[WhiteElo "2167"]
[BlackElo "1990"]
[PlyCount "52"]
[EventDate "2022.04.08"]
[EventType "schev"]
[EventRounds "5"]
[EventCountry "CAN"]

1. d4 d5 2. c4 c6 3. Nf3 Nf6 4. Nc3 e6 5. e3 Be7 6. Bd3 O-O 7. O-O dxc4 8. Bxc4
b5 9. Bd3 a6 10. a4 Bb7 11. Qe2 Nbd7 12. Rd1 Qb8 13. e4 b4 14. Nb1 c5 15. Bg5
cxd4 16. Nxd4 Ne5 17. Bc2 Rd8 18. Bf4 Qc7 19. Kh1 Rac8 20. h3 Bc5 21. Nf3 Rxd1+
22. Bxd1 Bd6 23. Nfd2 Qc1 24. Nb3 Qxf4 25. Na5 Nc4 26. e5 Bxe5 0-1

[Event "Choc des Generations"]
[Site "Montreal CAN"]
[Date "2022.04.08"]
[Round "1"]
[White "Zhong, Kevin"]
[Black "Duong, Thanh Nha"]
[Result "1/2-1/2"]
[WhiteElo "2148"]
[BlackElo "2193"]
[PlyCount "60"]
[EventDate "2022.04.08"]
[EventType "schev"]
[EventRounds "5"]
[EventCountry "CAN"]

1. e4 e6 2. Nf3 d5 3. Nc3 dxe4 4. Nxe4 Nd7 5. d4 Ngf6 6. Nxf6+ Nxf6 7. Bd3 c5
8. Be3 Qc7 9. c3 Bd6 10. O-O O-O 11. Qe2 b6 12. Bg5 Bb7 13. Bxf6 gxf6 14. Be4
Rfd8 15. Rad1 f5 16. Bxb7 Qxb7 17. Rfe1 cxd4 18. Nxd4 Bc5 19. Rd3 Bxd4 20. cxd4
Kf8 21. Qh5 Qa6 22. Rc3 Rac8 23. Qh6+ Ke7 24. Qg5+ Ke8 25. d5 Rxc3 26. dxe6 Qe2
27. exf7+ Kxf7 28. Qxf5+ Kg7 29. Qg5+ Kf7 30. Qf5+ Kg7 1/2-1/2

[Event "Choc des Generations"]
[Site "Montreal CAN"]
[Date "2022.04.09"]
[Round "2"]
[White "Duong, Thanh Nha"]
[Black "Tanaka, Tyler"]
[Result "0-1"]
[WhiteElo "2193"]
[BlackElo "2113"]
[PlyCount "80"]
[EventDate "2022.04.08"]
[EventType "schev"]
[EventRounds "5"]
[EventCountry "CAN"]

1. Nf3 d5 2. c4 e6 3. g3 dxc4 4. Qa4+ Bd7 5. Qxc4 c5 6. Ne5 Nc6 7. Nxd7 Qxd7 8.
Bg2 Nf6 9. O-O Be7 10. b3 O-O 11. Bb2 Rac8 12. d3 Rfd8 13. Nd2 Nd4 14. Rfe1 b5
15. Qc1 Nd5 16. a3 b4 17. Ra2 Bf6 18. Qc4 bxa3 19. Bxa3 Nc3 20. Rb2 Ndxe2+ 21.
Kf1 Nb5 22. Ne4 Bxb2 23. Bxb2 Ned4 24. Nxc5 Qe7 25. Rc1 Nxb3 26. Qxb3 Rxc5 27.
Ra1 Qd7 28. Rd1 Nd4 29. Qa3 Rc2 30. Ba1 Rdc8 31. Re1 Nb5 32. Qb3 Rc1 33. Bb2
Rxe1+ 34. Kxe1 Nd4 35. Qd1 Qb5 36. Bc1 Nc2+ 37. Ke2 Nb4 38. Be3 Nd5 39. Bxd5
Qxd5 40. Bxa7 Qa2+ 0-1

[Event "Choc des Generations"]
[Site "Montreal CAN"]
[Date "2022.04.09"]
[Round "2"]
[White "Huang, Qiuyu"]
[Black "Sambuev, Bator"]
[Result "0-1"]
[WhiteElo "1990"]
[BlackElo "2502"]
[PlyCount "70"]
[EventDate "2022.04.08"]
[EventType "schev"]
[EventRounds "5"]
[EventCountry "CAN"]

1. e4 d6 2. d4 Nf6 3. Nc3 e5 4. Nf3 Nbd7 5. Bc4 Be7 6. O-O O-O 7. a4 a5 8. Qe2
c6 9. Rd1 Qc7 10. h3 exd4 11. Rxd4 Ne5 12. Bb3 Nfd7 13. Be3 Nc5 14. Ba2 Be6 15.
Bxe6 Nxf3+ 16. Qxf3 fxe6 17. Qg3 e5 18. Rd2 Ne6 19. Qg4 Rf6 20. Qe2 Raf8 21.
Qc4 Kh8 22. Ne2 Rg6 23. Ng3 Bg5 24. Bxg5 Nxg5 25. h4 Nf7 26. h5 Rf6 27. Rad1 g6
28. c3 Qb6 29. b4 Ra8 30. b5 Rf8 31. Kh2 Nh6 32. f3 Rf4 33. Ne2 Rh4+ 34. Kg3
Nf5+ 35. exf5 Rxc4 0-1

[Event "Choc des Generations"]
[Site "Montreal CAN"]
[Date "2022.04.09"]
[Round "2"]
[White "Lopez Linares, Lizandro"]
[Black "Zhong, Kevin"]
[Result "1-0"]
[WhiteElo "2076"]
[BlackElo "2148"]
[PlyCount "41"]
[EventDate "2022.04.08"]
[EventType "schev"]
[EventRounds "5"]
[EventCountry "CAN"]

1. d4 d5 2. Nf3 Nf6 3. c4 e6 4. Nc3 Be7 5. Bg5 h6 6. Bxf6 Bxf6 7. cxd5 exd5 8.
e3 O-O 9. Rc1 Re8 10. h3 Bf5 11. Qb3 Be4 12. Qxb7 Nd7 13. Bb5 a6 14. Ba4 Bxf3
15. gxf3 Bxd4 16. Nxd5 Rc8 17. Qc6 Qh4 18. Qxd7 Red8 19. Qg4 Qxg4 20. hxg4 Rxd5
21. exd4 1-0

[Event "Choc des Generations"]
[Site "Montreal CAN"]
[Date "2022.04.09"]
[Round "2"]
[White "Ouellet, Maili-Jade"]
[Black "Tremblay, Rejean"]
[Result "0-1"]
[WhiteElo "2179"]
[BlackElo "2167"]
[PlyCount "72"]
[EventDate "2022.04.08"]
[EventType "schev"]
[EventRounds "5"]
[EventCountry "CAN"]

1. d4 Nf6 2. c4 g6 3. Nc3 Bg7 4. e4 d6 5. f3 O-O 6. Be3 Nc6 7. Nge2 a6 8. Qd2
Na5 9. Nf4 b5 10. h4 Nxc4 11. Bxc4 bxc4 12. h5 Rb8 13. hxg6 fxg6 14. Qe2 Rf7
15. Rd1 c6 16. e5 Ne8 17. e6 Rf8 18. g4 Qa5 19. Qh2 Nf6 20. Bd2 Rxb2 21. Ne4
Rxd2 22. Rxd2 h6 23. Nxg6 Nxe4 24. Nxe7+ Kh7 25. fxe4 c3 26. Rc2 Qb4 27. Qe2
Bxe6 28. g5 Qxd4 29. gxh6 Be5 30. Qg2 Bg3+ 31. Qxg3 Qxe4+ 32. Kd1 Bg4+ 33. Qxg4
Qxg4+ 34. Re2 Rf2 35. Rhe1 Rxe2 36. Rxe2 c2+ 0-1

[Event "Choc des Generations"]
[Site "Montreal CAN"]
[Date "2022.04.09"]
[Round "2"]
[White "Rodrigue-Lemieux, Shawn"]
[Black "Masse, Hugues"]
[Result "1-0"]
[WhiteElo "2342"]
[BlackElo "2182"]
[PlyCount "61"]
[EventDate "2022.04.08"]
[EventType "schev"]
[EventRounds "5"]
[EventCountry "CAN"]

1. c4 c5 2. g3 g6 3. Bg2 Bg7 4. Nc3 Nc6 5. Nf3 e6 6. O-O Nge7 7. d4 cxd4 8. Nb5
d5 9. cxd5 Nxd5 10. Nbxd4 Nxd4 11. Nxd4 O-O 12. e4 Ne7 13. Be3 e5 14. Nb5 Qa5
15. a4 Nc6 16. Qd6 Rd8 17. b4 Qxb4 18. Qxb4 Nxb4 19. Nc7 Be6 20. Rab1 Bf8 21.
Nxa8 Rxa8 22. a5 a6 23. Bd2 Nc6 24. Rxb7 Nd4 25. Rfb1 Kg7 26. Rb8 Ra7 27. R1b7
Rxb7 28. Rxb7 Ne2+ 29. Kf1 Bc4 30. Ke1 Nd4 31. Bc3 1-0

[Event "Choc des Generations"]
[Site "Montreal CAN"]
[Date "2022.04.09"]
[Round "3"]
[White "Duong, Thanh Nha"]
[Black "Huang, Qiuyu"]
[Result "1-0"]
[WhiteElo "2193"]
[BlackElo "1990"]
[PlyCount "109"]
[EventDate "2022.04.08"]
[EventType "schev"]
[EventRounds "5"]
[EventCountry "CAN"]

1. e4 c5 2. Nf3 Nc6 3. Bb5 g6 4. O-O Bg7 5. Re1 Nh6 6. c3 O-O 7. h3 f5 8. e5
Nf7 9. d4 cxd4 10. cxd4 e6 11. Nc3 b6 12. Qa4 Nb8 13. Qb3 a6 14. Be2 Nc6 15.
Be3 g5 16. Rad1 Qe7 17. Nh2 Rb8 18. f4 gxf4 19. Bxf4 Bh6 20. Bxh6 Nxh6 21. Nf3
b5 22. Qc2 Qg7 23. Qd2 Nf7 24. Kh2 Kh8 25. Rg1 h5 26. Qf4 Bb7 27. Ne1 Qg5 28.
Qxg5 Nxg5 29. Bxh5 Na5 30. Nd3 Kg7 31. Nc5 Bc6 32. b3 Rh8 33. Be2 Rh4 34. Rd3
b4 35. d5 Ba8 36. Nd1 Bxd5 37. Nxd7 Rbh8 38. Rg3 Kg6 39. Nf6 f4 40. Bd3+ Kh6
41. Rg4 Rxg4 42. Nxg4+ Kg7 43. Ndf2 Nc6 44. Rc1 Nf7 45. Bxa6 Ncxe5 46. Rc7 Kg6
47. Bb7 Rd8 48. Bxd5 exd5 49. Kg1 Kf5 50. Kf1 Ra8 51. Rc2 Nxg4 52. hxg4+ Kg5
53. Rd2 Ra5 54. Nd3 Kxg4 55. Nxb4 1-0

[Event "Choc des Generations"]
[Site "Montreal CAN"]
[Date "2022.04.09"]
[Round "3"]
[White "Sambuev, Bator"]
[Black "Ouellet, Maili-Jade"]
[Result "1-0"]
[WhiteElo "2502"]
[BlackElo "2179"]
[PlyCount "71"]
[EventDate "2022.04.08"]
[EventType "schev"]
[EventRounds "5"]
[EventCountry "CAN"]

1. e4 c5 2. Ne2 d6 3. g3 Nf6 4. Bg2 Nc6 5. c3 e5 6. d4 g6 7. h3 Bg7 8. Be3 b6
9. O-O O-O 10. f4 cxd4 11. cxd4 Ba6 12. fxe5 dxe5 13. d5 Nd4 14. Nbc3 Nh5 15.
Kh2 Rc8 16. Rc1 Nxe2 17. Nxe2 Rxc1 18. Bxc1 f5 19. exf5 gxf5 20. Rf2 f4 21.
Nxf4 Nxf4 22. gxf4 Qh4 23. Qe1 exf4 24. Bxf4 Bc8 25. Bg3 Qg5 26. Rxf8+ Kxf8 27.
Qb4+ Kg8 28. Qa4 Qe3 29. Qc4 Bd7 30. d6+ Be6 31. d7 Bxc4 32. d8=Q+ Bf8 33. Bd5+
Bxd5 34. Qxd5+ Kg7 35. Be5+ Kg6 36. Qe6+ 1-0

[Event "Choc des Generations"]
[Site "Montreal CAN"]
[Date "2022.04.09"]
[Round "3"]
[White "Tanaka, Tyler"]
[Black "Lopez Linares, Lizandro"]
[Result "1-0"]
[WhiteElo "2113"]
[BlackElo "2076"]
[PlyCount "91"]
[EventDate "2022.04.08"]
[EventType "schev"]
[EventRounds "5"]
[EventCountry "CAN"]

1. c4 c6 2. Nf3 d5 3. g3 Nf6 4. Bg2 Bf5 5. cxd5 cxd5 6. Qb3 Qb6 7. Qxb6 axb6 8.
Nc3 Nc6 9. d3 e6 10. Nb5 Kd7 11. O-O Bc5 12. Bf4 Rhc8 13. a3 Nh5 14. Bd2 h6 15.
b4 Be7 16. Be3 Bd8 17. Nfd4 Bh7 18. f4 Nf6 19. h3 h5 20. Nf3 Ke7 21. Rfc1 Nd7
22. Rc3 f6 23. Rac1 Rcb8 24. R3c2 Bg8 25. Nfd4 Nxd4 26. Bxd4 Bf7 27. Bb2 e5 28.
e3 Be6 29. Nc3 Kd6 30. a4 Ke7 31. Kh2 d4 32. exd4 exd4 33. Nb5 Bb3 34. Re2+ Kf8
35. Rce1 Bf7 36. Nd6 g6 37. Bxd4 Rxa4 38. Nxf7 Kxf7 39. Bd5+ Kg7 40. Re8 Rxb4
41. Rg8+ Kh7 42. Ree8 Bc7 43. Re7+ Kh6 44. Bc3 Rb5 45. Rgg7 Nf8 46. Bc4 1-0

[Event "Choc des Generations"]
[Site "Montreal CAN"]
[Date "2022.04.09"]
[Round "3"]
[White "Tremblay, Rejean"]
[Black "Rodrigue-Lemieux, Shawn"]
[Result "0-1"]
[WhiteElo "2167"]
[BlackElo "2342"]
[PlyCount "66"]
[EventDate "2022.04.08"]
[EventType "schev"]
[EventRounds "5"]
[EventCountry "CAN"]

1. d4 Nf6 2. c4 e6 3. Nc3 Bb4 4. Qc2 O-O 5. a3 Bxc3+ 6. Qxc3 d6 7. Nf3 b6 8. g3
Bb7 9. Bg2 Nbd7 10. O-O c5 11. b4 Rc8 12. dxc5 bxc5 13. b5 d5 14. e3 dxc4 15.
Bb2 Nb6 16. Rfd1 Qe8 17. a4 a6 18. Qa5 c3 19. Qxb6 cxb2 20. Rab1 Be4 21. Rxb2
axb5 22. axb5 Nd5 23. Qd6 Nc3 24. Rc1 Na4 25. Rb3 Bd5 26. Rbb1 Rb8 27. Ng5 h6
28. Ne4 Rb6 29. Qc7 Qa8 30. Nxc5 Bxg2 31. Nxa4 Bh3 32. f3 Qxa4 33. Qxb6 Qa2 0-1

[Event "Choc des Generations"]
[Site "Montreal CAN"]
[Date "2022.04.09"]
[Round "3"]
[White "Zhong, Kevin"]
[Black "Masse, Hugues"]
[Result "1-0"]
[WhiteElo "2148"]
[BlackElo "2182"]
[PlyCount "139"]
[EventDate "2022.04.08"]
[EventType "schev"]
[EventRounds "5"]
[EventCountry "CAN"]

1. e4 c5 2. Nf3 Nc6 3. Bb5 g6 4. O-O Bg7 5. c3 Nf6 6. e5 Nd5 7. d4 Nc7 8. Ba4
O-O 9. Re1 cxd4 10. cxd4 d6 11. Bxc6 bxc6 12. Qc2 Be6 13. Qxc6 Bd5 14. Qc3 Ne6
15. Nbd2 Qb6 16. b3 Rac8 17. Qe3 Rfd8 18. Bb2 dxe5 19. dxe5 Qxe3 20. fxe3 Nc5
21. Bd4 a6 22. Red1 Bb7 23. Rac1 Ne6 24. Nc4 Bh6 25. Rc3 Be4 26. Kf2 Bg7 27.
Ke2 g5 28. a4 g4 29. Ne1 Nxd4+ 30. exd4 Bd5 31. Rdc1 Be6 32. Nc2 f6 33. exf6
Bxf6 34. Rd1 h5 35. a5 Kg7 36. Ke3 Bg5+ 37. Kd3 Bf5+ 38. Ke2 Be4 39. Ne1 Bf6
40. Ke3 Bd5 41. Rdd3 Bg8 42. Ne5 Bh7 43. Rxc8 Rxc8 44. Rd1 Rc3+ 45. N1d3 Rxb3
46. g3 Ra3 47. Nc4 Ra4 48. Rc1 Bg8 49. Ndb2 Rb4 50. Kd3 Rb5 51. Kc3 Rf5 52. Rc2
Bd5 53. Re2 Rf3+ 54. Nd3 Bg8 55. Re3 Rf1 56. Re1 Rf5 57. Nce5 Bxe5 58. Rxe5
Rxe5 59. dxe5 Be6 60. Kd4 Kh6 61. Nf4 Bc8 62. Nd5 e6 63. Ne7 Bb7 64. Kc5 h4 65.
Kb6 Be4 66. Kxa6 hxg3 67. hxg3 Kg7 68. Kb6 Kf7 69. Nc6 Ke8 70. Kc7 1-0

[Event "Choc des Generations"]
[Site "Montreal CAN"]
[Date "2022.04.10"]
[Round "4"]
[White "Lopez Linares, Lizandro"]
[Black "Huang, Qiuyu"]
[Result "0-1"]
[WhiteElo "2076"]
[BlackElo "1990"]
[PlyCount "78"]
[EventDate "2022.04.08"]
[EventType "schev"]
[EventRounds "5"]
[EventCountry "CAN"]

1. d4 d5 2. c4 c6 3. Nf3 Nf6 4. Nc3 e6 5. Bg5 Be7 6. e3 O-O 7. Rc1 Nbd7 8. Bd3
b6 9. cxd5 exd5 10. O-O Bb7 11. a3 Re8 12. b4 a5 13. Qb3 h6 14. Bxf6 Nxf6 15.
bxa5 Rxa5 16. a4 Bd6 17. Rb1 Bc7 18. Rfc1 Qe7 19. h3 Qe6 20. Re1 Re7 21. Rbc1
Ba8 22. Qb1 Ne4 23. Qb3 f5 24. Rc2 c5 25. Bxe4 fxe4 26. Nd2 Qd6 27. Nf1 c4 28.
Qa2 Bc6 29. Rb1 Bxa4 30. Nxa4 b5 31. Rxb5 Rxb5 32. Nc3 Rb8 33. Ng3 Rf7 34. Qa4
h5 35. Nf1 Qd7 36. Qa6 Rf6 37. Qa2 Rfb6 38. Nxe4 Qc6 39. Nc3 Ra8 0-1

[Event "Choc des Generations"]
[Site "Montreal CAN"]
[Date "2022.04.10"]
[Round "4"]
[White "Masse, Hugues"]
[Black "Tanaka, Tyler"]
[Result "0-1"]
[WhiteElo "2182"]
[BlackElo "2113"]
[PlyCount "98"]
[EventDate "2022.04.08"]
[EventType "schev"]
[EventRounds "5"]
[EventCountry "CAN"]

1. e4 c6 2. d4 d5 3. exd5 cxd5 4. Bd3 Nc6 5. c3 Nf6 6. Bf4 Bg4 7. Qb3 Qc8 8.
Nd2 e6 9. Ngf3 Be7 10. O-O O-O 11. Rae1 Bh5 12. Ne5 Nxe5 13. Bxe5 Bg6 14. Bxg6
hxg6 15. h3 Qc6 16. Re3 b5 17. a3 a5 18. Ra1 Rfc8 19. Bxf6 gxf6 20. Nf3 Bd6 21.
Qd1 b4 22. axb4 axb4 23. Rxa8 Qxa8 24. cxb4 Bxb4 25. Re2 Kg7 26. g3 Qa6 27. Rc2
Qa4 28. Rc1 Qxd1+ 29. Rxd1 Rc2 30. Rb1 Bd6 31. Kf1 e5 32. Ne1 Rd2 33. Nf3 Rd3
34. dxe5 fxe5 35. Ke2 e4 36. Nd2 Bb4 37. Rd1 f5 38. Nf1 Rxd1 39. Kxd1 Kf6 40.
Ne3 Ke5 41. Ng2 g5 42. h4 f4 43. hxg5 f3 44. Nh4 Bc5 45. Ke1 d4 46. g6 Kf6 47.
g4 d3 48. Nf5 Kxg6 49. Kd1 Bxf2 0-1

[Event "Choc des Generations"]
[Site "Montreal CAN"]
[Date "2022.04.10"]
[Round "4"]
[White "Ouellet, Maili-Jade"]
[Black "Duong, Thanh Nha"]
[Result "0-1"]
[WhiteElo "2179"]
[BlackElo "2193"]
[PlyCount "58"]
[EventDate "2022.04.08"]
[EventType "schev"]
[EventRounds "5"]
[EventCountry "CAN"]

1. d4 d5 2. c4 Nc6 3. Nc3 e6 4. Nf3 Nf6 5. Bg5 Be7 6. e3 Ne4 7. Bxe7 Nxe7 8.
Nxe4 dxe4 9. Nd2 f5 10. Qh5+ Ng6 11. f3 exf3 12. Nxf3 c5 13. Ne5 Qa5+ 14. Kd1
O-O 15. Nxg6 hxg6 16. Qxg6 Bd7 17. Bd3 Rac8 18. Rf1 Rf6 19. Qg5 b5 20. d5 Qb4
21. Rc1 Qxb2 22. Rc2 Qa3 23. Kd2 bxc4 24. Bxc4 Qb4+ 25. Rc3 Ba4 26. Qf4 Qb2+
27. Kd3 Rd8 28. d6 Bc6 29. Qxf5 Rxd6+ 0-1

[Event "Choc des Generations"]
[Site "Montreal CAN"]
[Date "2022.04.10"]
[Round "4"]
[White "Rodrigue-Lemieux, Shawn"]
[Black "Sambuev, Bator"]
[Result "0-1"]
[WhiteElo "2342"]
[BlackElo "2502"]
[PlyCount "186"]
[EventDate "2022.04.08"]
[EventType "schev"]
[EventRounds "5"]
[EventCountry "CAN"]

1. e4 e6 2. d4 d5 3. Nd2 c5 4. exd5 exd5 5. Bb5+ Bd7 6. Qe2+ Be7 7. dxc5 Nf6 8.
Ngf3 O-O 9. Nb3 Re8 10. Be3 a6 11. Bd3 Ba4 12. Nfd4 Nbd7 13. O-O Nxc5 14. Nxc5
Bxc5 15. c3 Bxd4 16. cxd4 Qb6 17. b3 Bb5 18. Rfc1 Bxd3 19. Qxd3 Rad8 20. Rc5
Ne4 21. Rc2 g6 22. Rac1 Rd7 23. f3 Nd6 24. Bf2 h5 25. h3 Nf5 26. g4 Ng7 27. Rc8
Rdd8 28. Rxd8 Qxd8 29. Re1 Rxe1+ 30. Bxe1 Ne6 31. Qe3 Qf6 32. Bf2 h4 33. Kf1 g5
34. Bg1 Qg6 35. Qd2 Qb1+ 36. Kf2 Qa1 37. Bh2 f6 38. Ke3 Kf7 39. Qb4 b5 40. Qd6
Qxd4+ 41. Ke2 Qb2+ 42. Kf1 Qb1+ 43. Kg2 Qxa2+ 44. Kh1 Qa1+ 45. Kg2 Qb2+ 46. Kh1
Qc1+ 47. Bg1 Qc7 48. Qxd5 Ke7 49. b4 Qd7 50. Qf5 Kf7 51. Qh7+ Ng7 52. Qe4 Qe6
53. Qa8 Kg6 54. Bd4 Qe1+ 55. Bg1 Qxb4 56. Qxa6 Qc4 57. Qa1 Qd3 58. Kg2 Ne6 59.
Qa8 Nf4+ 60. Kh1 Qd5 61. Qe8+ Kg7 62. Qe7+ Qf7 63. Qe4 Nxh3 64. Bd4 Qd7 65. Kh2
Nf4 66. Bc3 Nd5 67. Bd2 Qd6+ 68. Kh1 b4 69. Qd4 Qe5 70. Qa7+ Kg6 71. Qa8 Qe6
72. Qb8 f5 73. gxf5+ Qxf5 74. Qg8+ Kf6 75. Qf8+ Ke6 76. Qc8+ Ke5 77. Qh8+ Kd6
78. Qd8+ Kc5 79. Qa5+ Kc6 80. Qa8+ Kb5 81. Kg2 Qe5 82. Qb7+ Nb6 83. Kf2 Qh2+
84. Ke1 Qg1+ 85. Ke2 Qg2+ 86. Ke1 Qg3+ 87. Ke2 Qh2+ 88. Ke1 Qe5+ 89. Kf2 Qd5
90. Qxd5+ Nxd5 91. Bxg5 b3 92. Bc1 Kc4 93. Bb2 Kd3 0-1

[Event "Choc des Generations"]
[Site "Montreal CAN"]
[Date "2022.04.10"]
[Round "4"]
[White "Zhong, Kevin"]
[Black "Tremblay, Rejean"]
[Result "1/2-1/2"]
[WhiteElo "2148"]
[BlackElo "2167"]
[PlyCount "58"]
[EventDate "2022.04.08"]
[EventType "schev"]
[EventRounds "5"]
[EventCountry "CAN"]

1. e4 e5 2. Nf3 Nc6 3. Bc4 Bc5 4. c3 Nf6 5. d3 d6 6. Bb3 O-O 7. O-O Bb6 8. Re1
Ne7 9. Nbd2 c6 10. Nf1 Ng6 11. h3 Nh5 12. d4 exd4 13. cxd4 Nhf4 14. Ng3 d5 15.
e5 f6 16. Bc2 fxe5 17. Bxg6 Nxg6 18. Nxe5 Nxe5 19. Rxe5 Qh4 20. Be3 Bd7 21. Qc2
g6 22. Rd1 Bd8 23. Qd2 Bf6 24. Bg5 Bxg5 25. Qxg5 Qxg5 26. Rxg5 Rf4 27. Re5 Raf8
28. f3 R4f6 29. Ne2 R8f7 1/2-1/2

[Event "Choc des Generations"]
[Site "Montreal CAN"]
[Date "2022.04.10"]
[Round "5"]
[White "Duong, Thanh Nha"]
[Black "Rodrigue-Lemieux, Shawn"]
[Result "0-1"]
[WhiteElo "2193"]
[BlackElo "2342"]
[PlyCount "116"]
[EventDate "2022.04.08"]
[EventType "schev"]
[EventRounds "5"]
[EventCountry "CAN"]

1. e4 c6 2. d4 d5 3. exd5 cxd5 4. Bd3 Nc6 5. c3 Nf6 6. Bf4 Bg4 7. Qb3 Qd7 8.
Nd2 e6 9. Ngf3 Bd6 10. Bg3 O-O 11. O-O Bxf3 12. Nxf3 Bxg3 13. hxg3 Qc7 14. Rae1
Rab8 15. Qd1 b5 16. a3 a5 17. g4 b4 18. g5 Nd7 19. axb4 axb4 20. Re3 g6 21. Nh2
bxc3 22. bxc3 Qf4 23. Rg3 Rb2 24. Bc2 Rc8 25. Rg4 Qc7 26. Rh4 Ne7 27. Ba4 Nf5
28. Rh3 Nf8 29. Qc1 Ra2 30. Bb3 Nxd4 31. Bd1 Rc2 32. Qb1 Rxc3 33. Rh4 Nf5 34.
Rb4 Rc1 35. Qa2 Qe7 36. Rg4 Nd7 37. Nf3 Nc5 38. Bc2 Rxf1+ 39. Kxf1 Qb7 40. Bxf5
gxf5 41. Rh4 Ne4 42. g4 fxg4 43. Rxg4 Rc1+ 44. Kg2 Qc8 45. Qa4 Rc2 46. Rxe4
dxe4 47. Qxe4 Qc4 48. Qa8+ Kg7 49. Kg3 Rc3 50. Qd8 Qc7+ 51. Qxc7 Rxc7 52. Ne5
h6 53. gxh6+ Kxh6 54. f4 f6 55. Nf3 Rc3 56. Kg4 f5+ 57. Kg3 Kh5 58. Kf2 Rxf3+
0-1

[Event "Choc des Generations"]
[Site "Montreal CAN"]
[Date "2022.04.10"]
[Round "5"]
[White "Huang, Qiuyu"]
[Black "Masse, Hugues"]
[Result "1/2-1/2"]
[WhiteElo "1990"]
[BlackElo "2182"]
[PlyCount "40"]
[EventDate "2022.04.08"]
[EventType "schev"]
[EventRounds "5"]
[EventCountry "CAN"]

1. e4 c5 2. Nf3 Nc6 3. d4 cxd4 4. Nxd4 Nf6 5. Nc3 e5 6. Ndb5 d6 7. Bg5 a6 8.
Na3 b5 9. Nd5 Be7 10. Bxf6 Bxf6 11. c4 b4 12. Nc2 O-O 13. g3 a5 14. h4 g6 15.
Bh3 Be6 16. Kf1 Bg7 17. Kg2 Rb8 18. b3 Bh6 19. Qd3 Rb7 20. Rad1 Kg7 1/2-1/2

[Event "Choc des Generations"]
[Site "Montreal CAN"]
[Date "2022.04.10"]
[Round "5"]
[White "Lopez Linares, Lizandro"]
[Black "Ouellet, Maili-Jade"]
[Result "0-1"]
[WhiteElo "2076"]
[BlackElo "2179"]
[PlyCount "58"]
[EventDate "2022.04.08"]
[EventType "schev"]
[EventRounds "5"]
[EventCountry "CAN"]

1. d4 d5 2. c4 e6 3. Nc3 c6 4. e3 Nf6 5. Nf3 Nbd7 6. b3 Bb4 7. Bd2 O-O 8. a3
Bd6 9. Qc2 Qe7 10. Qb2 a6 11. Be2 e5 12. cxd5 cxd5 13. dxe5 Nxe5 14. Nd4 Bd7
15. O-O Rac8 16. h3 Rc7 17. Rfd1 Rfc8 18. Nb1 Nc6 19. Nf3 Ne4 20. Be1 Ne5 21.
Nd4 Ng6 22. f4 Qf6 23. Ra2 Nxf4 24. exf4 Qxf4 25. Nf3 Rc1 26. Bd2 Bc5+ 27. Kf1
Rxd1+ 28. Bxd1 Ng3+ 29. Ke1 Qe4+ 0-1

[Event "Choc des Generations"]
[Site "Montreal CAN"]
[Date "2022.04.10"]
[Round "5"]
[White "Sambuev, Bator"]
[Black "Zhong, Kevin"]
[Result "1-0"]
[WhiteElo "2502"]
[BlackElo "2148"]
[PlyCount "59"]
[EventDate "2022.04.08"]
[EventType "schev"]
[EventRounds "5"]
[EventCountry "CAN"]

1. e4 c5 2. Ne2 Nc6 3. Nbc3 g6 4. g3 Bg7 5. Bg2 e6 6. d3 Nge7 7. h4 h6 8. h5 g5
9. O-O d5 10. f4 d4 11. Na4 gxf4 12. gxf4 b6 13. c4 Qc7 14. a3 f5 15. b4 cxb4
16. e5 Bb7 17. Rf2 O-O-O 18. axb4 Nxb4 19. Qb3 Nec6 20. Bd2 Bf8 21. c5 Bxc5 22.
Rc1 Nd5 23. Nxc5 bxc5 24. Rxc5 Qe7 25. Qb5 Nc7 26. Rxc6 Bxc6 27. Qxc6 Rdg8 28.
Ba5 Qd8 29. Qb7+ Kd7 30. Nxd4 1-0

[Event "Choc des Generations"]
[Site "Montreal CAN"]
[Date "2022.04.10"]
[Round "5"]
[White "Tanaka, Tyler"]
[Black "Tremblay, Rejean"]
[Result "1/2-1/2"]
[WhiteElo "2113"]
[BlackElo "2167"]
[PlyCount "25"]
[EventDate "2022.04.08"]
[EventType "schev"]
[EventRounds "5"]
[EventCountry "CAN"]

1. Nf3 Nf6 2. g3 g6 3. b3 Bg7 4. Bb2 O-O 5. Bg2 d6 6. d4 c5 7. O-O Nc6 8. c4 a6
9. Nc3 Nd7 10. e3 Rb8 11. dxc5 Nxc5 12. Nd4 Ne5 13. Ne4 1/2-1/2

[Event "Eastern Ontario op"]
[Site "Ottawa CAN"]
[Date "2022.06.10"]
[Round "?"]
[White "Gordon, David"]
[Black "He, Emma"]
[Result "1-0"]
[WhiteElo "2264"]
[BlackElo "1987"]
[PlyCount "53"]
[EventDate "2022.06.10"]
[EventType "swiss"]
[EventRounds "5"]
[EventCountry "CAN"]

1. c4 e6 2. Nf3 d5 3. d4 Nf6 4. Bg5 c6 5. e3 Nbd7 6. cxd5 exd5 7. Bd3 h6 8. Bh4
Bd6 9. O-O O-O 10. Qc2 Qc7 11. Nc3 b6 12. Rac1 Bb7 13. Bf5 Qb8 14. Rfd1 Re8 15.
Qb1 a5 16. e4 Bf4 17. e5 Bxc1 18. Qxc1 Bc8 19. exf6 Nxf6 20. Bxc8 Qxc8 21. Bxf6
gxf6 22. Qxh6 Qf5 23. h3 a4 24. Nh2 Re6 25. Ng4 a3 26. bxa3 Rxa3 27. Qc1 1-0